Odstúpenie od zmluvy v obchodnoprávnych vzťahoch bakalárska práca

Gespeichert in:
Bibliographische Detailangaben
1. Verfasser: Chochulová, Alexandra
Körperschaft: Obchodná fakulta EU. Katedra obchodného práva
Weitere Verfasser: Holub, Dušan
Format: Buch
Sprache:Slowakisch
Veröffentlicht: Bratislava 2013
Tags: Tag hinzufügen
Keine Tags, Fügen Sie das erste Tag hinzu!

MARC

LEADER 00000nbm a2200000 4500
001 0171161
005 20161109112020.1
041 0 |a slo 
044 |a SK 
245 1 0 |a Odstúpenie od zmluvy v obchodnoprávnych vzťahoch  |b bakalárska práca  |c Alexandra Chochulová ; školiteľ: Dušan Holub 
264 1 |a Bratislava  |c 2013 
300 |a 36 s. 
100 1 |a Chochulová, Alexandra 
700 1 |a Holub, Dušan 
710 2 |a Obchodná fakulta EU. Katedra obchodného práva